000 00499nam a2200181Ia 4500
001 23817
005 20260414151003.0
008 260414t2011||||xx |||||||||||||| ||spa||
041 _aESP
082 _a711.1
_bA37
100 _aAlcubilla de la Fuente, Francisco
_eAUT
245 0 _aOrdenación del territorio y política de cohesión europea :
_bcaso de Castilla y León
260 _c2011
300 _a389 páginas :
_c24 cm.
650 _aCIS
654 _aCAN
942 _cLIB
_dJUS
_fJUS
_2ddc
_n
999 _c23817
_d23817